|
|
|
|
| LEADER |
01126nam a2200241 a 4500 |
| 008 |
090528s1995 si ar 0 0eng d |
| 020 |
|
|
|a 9810221762
|
| 040 |
|
|
|a MiEM
|c MiEM
|d IU
|d DLC
|d MiU
|d DLC
|d GU
|d OUCA
|d TNJ
|d InU
|d WaU
|d GU
|d OCoLC
|d GU
|
| 082 |
0 |
0 |
|a 530.0285
|2 20
|
| 245 |
0 |
0 |
|a Annual reviews of computational physics /
|c edited by Dietrich Stauffer.
|
| 260 |
|
|
|a Singapore ;
|a [River Edge] N.J. :
|b World Scientific,
|c c1995
|
| 300 |
|
|
|a vii, 406 p. :
|b ill. ;
|c 23 cm.
|
| 310 |
|
|
|a Annual
|
| 362 |
0 |
|
|a Vol. 2 (1995)
|
| 504 |
|
|
|a Includes Bibiographical References
|
| 541 |
1 |
|
|e 00014618
|
| 580 |
|
|
|a Absorbed by and became a section of: International journal of Modern physics. C, with the June 2001 issue.
|
| 650 |
|
0 |
|a Mathematical physics
|x Data processing
|v Periodicals.
|
| 650 |
|
0 |
|a Physics
|x Data processing
|v Periodicals.
|
| 700 |
1 |
|
|a Stauffer, Dietrich.
|
| 852 |
4 |
|
|a Ayesha Abed Library
|j General shelf
|
| 999 |
|
|
|c 1158
|d 1158
|
| 952 |
|
|
|0 0
|1 0
|2 ddc
|4 0
|6 530_028500000000000_ANN
|7 0
|9 1046
|a BRACUL
|b BRACUL
|c GEN
|d 2009-06-24
|g 0.00
|l 0
|o 530.0285 ANN
|p 3010014618
|r 2009-06-24
|t 1
|w 2009-06-24
|y BK
|x No price found in the accession register.
|